000 00535nam a2200157Ia 4500
008 151213s9999 xx 000 0 und d
100 _aরোকেয়া।
245 _aযুক্তিবাদ নবজাগরণ ও শিক্ষা সমাজতত্ত্ব
_cরোকেয়া।
250 _a১ম সং
260 _aঢাকা
_bরিয়াজ খান
_c2008
300 _a8371 p.
650 _aBangla
650 _aউপন্যাস
700 _aরোকেয়া।
999 _c4210
_d4210